Coleccion Acontecimientos Terapeuticos (Registro nro. 1342)

Detalles MARC
000 -LEADER
fixed length control field 00604nas a22001817a 4500
008 - CAMPO DE CONTROL RECURSOS CONTINUADOS
fixed length control field 130426t20109999ag ||||| |||| 00| 0 spa d
245 ## - TITULO
Titulo Coleccion Acontecimientos Terapeuticos
260 ## - PUBLICACION, DISTRIBUCION, ETC. (PIE DE IMPRENTA)
Lugar de publicación, distribución, etc Buenos Aires,
Nombre de la editorial, distribuidor, etc. Sociedad Iberoamericana de Informacion Cientifica:
Fecha de publicación 2010
300 ## - DESCRIPCION FISICA
Extensión v. :
440 ## - MENCION DE SERIE - TITULO CON ENTRADA SEC.
Title Indicaciones Clinicas de Levetiracetam
9 (RLIN) 2060
546 ## - NOTA DE IDIOMA
Nota de lenguaje español
590 ## - NOTAS LOCALES (RLIN)
Nota local Indizada en: SIIC Data Bases
590 ## - NOTAS LOCALES (RLIN)
Nota local Existencias: 2010 (1 ejemplar)
650 ## - MATERIA-TERMINO TEMATICO
Término temático NEUROLOGIA
9 (RLIN) 1941
650 ## - MATERIA-TERMINO TEMATICO
Término temático LEVETIRACETAM
9 (RLIN) 2061
856 ## - LOCALIZACION ELECTRONICA Y ACCESO
Identificador Uniforme de Recurso (URI) <a href="http://www.siicsalud.com/lmr/siicdatabases.php">http://www.siicsalud.com/lmr/siicdatabases.php</a>
942 ## - ADDED ENTRY ELEMENTS (KOHA)
Source of classification or shelving scheme Dewey Decimal Classification
Item type Continuing Resources

No hay ítems disponibles.


UNIVERSIDAD NACIONAL DEL COMAHUE
Biblioteca de la Facultad de Ciencias Médicas
Sede Toschi: Los Arrayanes y Av. Toschi, Cipolletti  - Rio Negro
Sede Los Tordos:  Yrigoyen al 2211, Cipolletti - Rio Negro 

Teléfono: 0299 - 4774707 int 25
Contacto: biblioteca@facimed.uncoma.edu.ar
© 2011 - 2026